000
00297nam a22001337a 4500
008
171027b xxu||||| |||| 00| 0 eng d
020
_a
0201524880
041
_a
eng
080
_2
3RD
_a
311
100
_a
55
101
_a
STA
245
_a
PROBABILITY AND STATISTICS
_c
GROOT,M.H
942
_2
udc
_c
BK
999
_c
36012
_d
36012